000 00612nam a22002057a 4500
003 OSt
005 20251024010340.0
008 251007b |||||||| |||| 00| 0 eng d
020 _a971-0459-03-2.
040 _aDWCL-Main lib
_cOC
082 _aFil. 363.11 H667p 2008
100 _aHipolito, Lucia M.
245 _aA primer in industrial security management
260 _aQuezon City :
_bWiseman's Books Trading,
_cc2008.
300 _aXII, 113 pages ;
_c22 cm.
650 _21. Occupational health and safety.
650 _22. Safety measures.
700 _aManwong, Rommel
942 _2ddc
_cBK - FIL
_kFil.
_n0
999 _c4666
_d4666